LEADER 01043nam a2200277 i 4500 001 000000157713 003 CaOOAMICUS 005 20070116000000.0 008 070116s1991 it u000 u ita u 013 $a135074 020 $a88-343-6517-8 040 $aSeMil$bita 100 1 $aMolteni, Gioacchino <1927-2012>.$0(OLS)http://semarc/name/22129 245 10$aRiflessioni sull'ateismo /$cGioacchino Molteni. 250 $a7. rist. 260 $aMilano :$bVita e Pensiero,$c1991. 300 $a155 p. ;$c24 cm. 490 0 $aTesti universitari 650 4$aAteismo - Filosofia.$0(OLS)http://semarc/subject/1151 830 0$aTesti universitari.$0(OLS)http://semarc/title/20500 850 $aSeMil 852 $aSeMil$W1$xVenegono$y1$m2P VI 324$j109391$B109391$CSeMilBibl$Z2$F118934 $81 961 $aOmaggio: Altro 996 $6020$a88-343-6517-8$9(OLS)http://semarc/number/148083 996 $6245$aRiflessioni sull'ateismo$9(OLS)http://semarc/title/231332 996 $6260$aMilano :$bVita e Pensiero$9(OLS)http://semarc/publisher/29642 LEADER 01357nam a2200301 i 4500 001 000000129008 003 CaOOAMICUS 005 20250911100137.0 008 040910s2004 it u000 u ita u 013 $a101741 020 $a88-343-1127-2 040 $aSeMil$bita 100 1 $aPropersi, Adriano.$0(OLS)http://semarc/name/44540 245 13$aIl sistema di rendicontazione negli enti non profit :$bdal bilancio d'esercizio al bilancio di missione /$cAdriano Propersi. 260 $aMilano :$bVita e Pensiero,$c2004. 300 $a176 p. ;$c22 cm. 490 0 $aV&P Università. Economia. Ricerche 500 $aContiene : Bibliografia. - Dono del Card. Dionigi Tettamanzi. 650 4$aEnti senza scopo di lucro - Bilanci sociali.$0(OLS)http://semarc/subject/25499 830 0$aUniversità. Economia. Ricerche.$0(OLS)http://semarc/title/10512 850 $aSeMil 852 $aSeMil$W1$xVenegono$y1$m3M III 41$j83158$B83158$CSeMilBibl$Z2$F86467 $81 941 1 $a5 961 $aOmaggio: Tettamanzi Card. Dionigi 996 $6020$a88-343-1127-2$9(OLS)http://semarc/number/115693 996 $6245$aIl sistema di rendicontazione negli enti non profit :$bdal bilancio d'esercizio al bilancio di missione$9(OLS)http://semarc/title/190648 996 $6260$aMilano :$bVita e Pensiero$9(OLS)http://semarc/publisher/29642